000 00692nam a2200241Ia 4500
003 OSt
005 20220918222508.0
006 a|||||r|||| 00| 0
007 ta
008 220917b |||||||| |||| 00| 0 eng d
024 _a217,121
037 _cTextual
040 _aARTS
_cARTS
_beng
041 _2eng
_aeng
082 _aV2:17.N90<-N47, N6
100 _aSathyamurthy T V Ed.
_9143349
245 0 _aClass formation and political transformation in post-colonial India
260 _aDelhi
_bOxford Univ. Press
_c1996
300 _ax, 490p
_ccm.
650 _aHISTORY
942 _hV2:17.N90<-N47, N6
_cTEXL
_2CC
999 _c275738
_d275738